|
|
|
|
| LEADER |
00923nam a22002774a 4500 |
| 001 |
7611 |
| 003 |
BD-DhAAL |
| 005 |
20150309115821.0 |
| 008 |
150309s2006 njua b 001 0 eng |
| 010 |
|
|
|a 2005026139
|
| 020 |
|
|
|a 9780471771913 (cloth)
|
| 020 |
|
|
|a 0471771910 (cloth)
|
| 040 |
|
|
|a DLC
|c DLC
|d DLC
|d BD-DhAAL
|
| 050 |
0 |
0 |
|a HG4530
|b .B516 2006
|
| 082 |
0 |
0 |
|a 332.64/5
|2 22
|
| 100 |
1 |
|
|a Biggs, Barton,
|d 1932-2012.
|9 9275
|
| 245 |
1 |
0 |
|a Hedge hogging /
|c Barton Biggs.
|
| 246 |
1 |
8 |
|a Hedgehogging.
|
| 260 |
|
|
|a Hoboken, N.J. :
|b Wiley,
|c c2006.
|
| 300 |
|
|
|a xi, 308 p. :
|b ill. ;
|c 24 cm.
|
| 504 |
|
|
|a Includes bibliographical references (p. 307-308).
|
| 541 |
|
|
|e 7611
|
| 650 |
|
0 |
|a Hedge funds.
|9 9276
|
| 942 |
|
|
|2 ddc
|c BK
|
| 999 |
|
|
|c 33942
|d 33942
|
| 952 |
|
|
|0 0
|1 0
|2 ddc
|4 0
|6 332_645000000000000_BIG
|7 0
|9 52978
|a SCL
|b SCL
|c GEN
|d 2015-03-09
|e Gift: The Asia Foundation
|l 0
|o 332.645 BIG
|p 3020007611
|r 2015-03-09
|t 1
|w 2015-03-09
|y BK
|